[Event "TUR-chT 2nd League"]
[Site "Konya"]
[Date "2022.08.25"]
[Round "5.3"]
[White "Bedir, Bekircan"]
[Black "Guder, Serkan"]
[Result "1/2-1/2"]
[WhiteElo "1873"]
[BlackElo "1863"]
[PlyCount "71"]
[EventDate "2022.08.22"]
[EventType "team-swiss"]
[EventRounds "9"]
[EventCountry "TUR"]
[SourceTitle "CBM 210 Extra"]
[Source "ChessBase"]
[SourceDate "2022.11.30"]
[SourceVersion "1"]
[SourceVersionDate "2022.11.30"]
[SourceQuality "1"]
[WhiteTeam "Sakarya Satranc"]
[BlackTeam "Bursa Deneyim"]
[WhiteTeamCountry "TUR"]
[BlackTeamCountry "TUR"]

1. e4 c5 2. Nf3 e6 3. d3 d5 4. Nbd2 Nc6 5. c3 Nf6 6. Be2 Be7 7. 0-0 a6 8. a4 Rb8 9. Qc2 0-0 10. Re1 b5 11. axb5 axb5 12. Nf1 Qc7 13. Bg5 Rd8 14. Bh4 Bb7 15. Ne3 Qb6 16. Bg3 Ra8 17. Rxa8 Rxa8 18. exd5 Nxd5 19. Nxd5 exd5 20. h3 b4 21. d4 Bf6 22. dxc5 Qxc5 23. Qb3 Re8 24. Bf1 Rxe1 25. Nxe1 Qe7 26. Nd3 bxc3 27. bxc3 d4 28. cxd4 Nxd4 29. Qb4 Qe4 30. Qe1 Qc6 31. Qe3 h6 32. Ne5 Qd5 33. Nd3 Nf5 34. Qe8+ Kh7 35. Nf4 Qe4 36. Qxf7 1/2-1/2

[Event "TUR-chT Clubs"]
[Site "Konya"]
[Date "2019.07.18"]
[Round "4.14"]
[White "Guvel, Kazim"]
[Black "Bedir, Bekircan"]
[Result "0-1"]
[WhiteElo "1477"]
[BlackElo "1858"]
[PlyCount "88"]
[EventDate "2019.07.16"]
[EventType "team-swiss"]
[EventRounds "9"]
[EventCountry "TUR"]
[SourceTitle "CBM 191 Extra"]
[Source "ChessBase"]
[SourceDate "2019.09.30"]
[SourceVersion "1"]
[SourceVersionDate "2019.09.30"]
[SourceQuality "1"]
[WhiteTeam "Mersin Zeka"]
[BlackTeam "Akcakoca Esentepe Okulu"]
[WhiteTeamCountry "TUR"]
[BlackTeamCountry "TUR"]

1. d4 Nf6 2. Nf3 e6 3. Bg5 Be7 4. e3 b6 5. Bd3 Bb7 6. Nbd2 d6 7. c3 Nbd7 8. Qc2 c5 9. dxc5 bxc5 10. 0-0-0 0-0 11. h4 d5 12. c4 Re8 13. e4 Nf8 14. Bxf6 Bxf6 15. e5 Be7 16. cxd5 exd5 17. Bb5 Nd7 18. Ng5 Bxg5 19. hxg5 g6 20. Qc3 Re6 21. Bxd7 Qxd7 22. Ne4 d4 23. Nf6+ Rxf6 24. gxf6 Qa4 25. Qb3 Qxb3 26. axb3 Bxg2 27. Rh2 Bf3 28. Rd2 Rb8 29. Rh3 Bd5 30. Rdd3 Be6 31. Rhg3 h5 32. f4 Kh7 33. Kd2 Kh6 34. Ke1 Bf5 35. Rdf3 a5 36. Kd2 a4 37. bxa4 Rxb2+ 38. Ke1 c4 39. Rf2 Rb1+ 40. Kd2 c3+ 41. Rxc3 Rb2+ 42. Kc1 dxc3 43. Rxb2 cxb2+ 44. Kxb2 h4 0-1